000 01182 a2200241 4500
001 37593
005 20260407155643.0
008 260407a2001 arg spa d
003 AR-UNSa-BCEJYS
040 _aAR-UNSa-BCEJYS
_bspa
_cAR-UNSa-BCEJYS
080 _a51-7
_xEstudios y métodos matemáticos en otros campos del conocimiento. Matemáticas científicas. Matemáticas actuariales (Matemáticas Financieras)
245 1 0 _aMatemáticas financieras
020 _a970-686-160-2
250 _a2a. ed.
264 1 _aMéxico :
_bThomson Learning
_c2001
300 _a607 p.
_c22 cm.
505 _a1. La calculadora electrónica - 2. Logaritmos - 3. Sucesiones y series - 4. Variación proporcional - 5. Porcentaje - 6. Interés simple - 7. Interés compuesto - 8. Anualidades simples vencidas - 9. Anualidades anticipadas - 10. Anualidades diferidas y rentas perpetuas - 11. Anualidades generales - 12. Obligaciones y bonos - 13. Depreciación
041 _aspa
942 _cBK
590 _aniveau_biblio:m niveau_hierar:0
100 1 _aVidaurri Aguirre, Héctor Manuel
856 4 1 _uhttps://biblioeco.unsa.edu.ar/pmb/images/libros/L125328.jpg
_yImagen de portada
_qimage/jpeg
999 _c2770
_d2770